Dzielnice Gdańska - nagła śmierć - Statystyki

Ogólne statystyki
  • Ten quiz został rozwiązany 20 razy
  • Średni wynik to 7 z 12
Answers on the Grid
Answers color-coded by a green-red scale on the quiz's grid according to % correct below.
Przymorze Wielkie
Jasień
Przeróbka
Aniołki
VII Dwór
Brętowo
Dolne Miasto
Karlikowo
Mały Kack
Centrum
Stocznia
Borkowo
Malta
Praga
Siedlce
Lotnisko
Bałuty
Stogi
Brzeźno
Wyspa Sobieszewska
Letnica
Otomin
Koszwały
Wrzeszcz Górny
 
Statystyki odpowiedzi
Odpowiedź % Poprawnych
Wyspa Sobieszewska
80%
Brzeźno
67%
Stogi
67%
Wrzeszcz Górny
67%
Jasień
60%
Letnica
53%
Przeróbka
53%
Przymorze Wielkie
53%
Siedlce
53%
Aniołki
47%
Brętowo
40%
VII Dwór
40%
Nie znaleziono quizów pasujących do podanych kryteriów
Rozkład punktacji
Procent ludzi z każdym wynikiem
Percentyl według liczby udzielonych odpowiedzi
Twoja historia wyników
Nie rozwiązałeś tego quizu